Statistics for Random Geography Facts Quiz (Hard)

Click here to take the quiz!

General Stats

  • This quiz has been taken 110 times
  • The average score is 7 of 12

Answer Stats

HintAnswer% Correct
What is the only country to start with "Q"?Qatar
100%
Name the only country with three capitalsSouth Africa
93%
How many countries have "Guinea" in their name?4
92%
Which country has over half of the world's freshwater lakes?Canada
85%
Which country is the least densely populated in the world?Mongolia
77%
What is the longest mountain range?Andes
72%
Which country has the most border disputes?China
62%
Which country has the longest OFFICIAL name?UK
27%
Name the last country in Asia to gain independence?East Timor
22%
Which capital city has the longest official name in the world?Bangkok
18%
Which country was the last to abolish slavery in 2004?Niger
11%
What is the most religious country (by %)Ethiopia
7%

Score Distribution

Percentile by Number Answered

Percent of People with Each Score

Your Score History

You have not taken this quiz